000
00330nam a2200133Ia 4500
008
240624s9999 xx 000 0 und d
041
_a
eng
082
_a
658.4 JOH
100
_a
JOHRI AMIT
245
_a
BUSINESS ANALYSIS
260
_c
2010
_a
Mumbai
_b
Himalaya Publishing House
300
_a
438 : p. : cm. ; 24
365
_c
RS
_b
30
999
_c
19508
_d
19508